01613nam a2200373Ia 4500001001200000003000800012006001900020007001500039008004100054010001700095020001500112020001800127020002600145040002100171035002100192050002600213082002300239100002100262245024800283260005300531300001100584504005100595533015200646600004400798650004300842650003500885650004600920650004000966650004401006655002901050710001701079856012601096999001701222ebr10696088CaPaEBRm u cr cn|||||||||020926s2002 enk sb 001 0 eng d z 2002491849 z1872870481 z9781872870489 z9781906534530 (ebook) aCaPaEBRcCaPaEBR a(OCoLC)66690121814aHV6485.G7bE38 2002eb04a364.15/23/09412211 aEdwards, Audrey.10aNo truth no justiceh[electronic resource] :ba David and Goliath story of a mother's successful struggle against public authorities to secure justice for her son murdered while in their care /cAudrey Edwards ; with a foreword by John Wadham. aHook, Hampshire, U.K. :bWaterside Press,c2002. a144 p. aIncludes bibliographical references and index. aElectronic reproduction.bPalo Alto, Calif. :cebrary,d2013.nAvailable via World Wide Web.nAccess may be limited to ebrary affiliated libraries.10aEdwards, ChristopherxDeath and burial. 0aMentally ill prisonerszGreat Britain. 0aMurder victimszGreat Britain. 0aParents of murder victimszGreat Britain. 0aPrisoners' familieszGreat Britain. 0aPrisonersxCivil rightszGreat Britain. 7aElectronic books.2local2 aebrary, Inc.40uhttp://site.ebrary.com/lib/rucke/Doc?id=10696088zAn electronic book accessible through the World Wide Web; click to view c23408d23408